000 01381cam a2200361Li 4500
001 80167
005 20230410103923.0
008 090211s2008 fr ab f b 001 0 fre d
035 _a(OCoLC)ocn494733508
040 _aZWZ
_encafnor
_bfre
_cZWZ
020 _a9782846702331
020 _a2846702330
029 0 _aZWZ
_b131156942
035 _a(OCoLC)494733508
050 1 4 _a439 DS 62.8
_bD793m 2008
082 0 0 _a327.56
049 _aGRAL
100 1 _aDroz-Vincent, Philippe.
245 1 3 _aLe Moyen-Orient /
_cPhilippe Droz-Vincent.
260 _aParis :
_bLe Cavalier Bleu Editions,
_c2008.
300 _a126 p. :
_bill., map.;
_c18 cm.
440 0 _aCollection idées reçues / Histoire & Civilisations;
_v174
504 _aIncludes bibliographical references ( p.122-126) and index
505 0 _aUne histoire pesante--- Des systemes politiques autoritaires dans une région troublée--- Economies et societés: richesses, modernisation et impasses--- Un Moyen-Orient soumis aux interférences extérieures---
651 0 _aMiddle East
_xPolitics and government
_y20th century.
650 4 _aMedio Oriente
_xPolítica y gobierno
_ySiglo XX.
651 7 _aMoyen-Orient
_xRelations exterieures
_y1990-....
_2ram
651 7 _aMoyen-Orient
_xHistoire.
_2ram
651 7 _aMoyen-Orient
_xCivilisation.
_2ram
942 _2lcc
_cbk
994 _aC0
_bDRFGD
946 _aAAG
999 _c28482
_d28482